000 00499nam a2200157Ia 4500
005 20250424120248.0
008 250424s9999 xx 000 0 und d
022 _aQA 76.9 .I58/
050 _aInternational journal of data science and analytics
245 0 _aUnited State
260 _aArkansas state highway and transportation department
260 _b2023
260 _c134 p. :ill. ; 28 cm.
300 _aBig data--periodicals Data mining--periodicals Databases--periodicals
650 _aSR
999 _c38305
_d38305